Sahitya darshan/ (Record no. 8064)

MARC details
000 -LEADER
fixed length control field 00582cam a2200217ua 4500
005 - DATE AND TIME OF LATEST TRANSACTION
control field 20250911104311.0
008 - FIXED-LENGTH DATA ELEMENTS--GENERAL INFORMATION
fixed length control field 150219n ii |||gr||||Z||||||asm
020 ## - INTERNATIONAL STANDARD BOOK NUMBER
International Standard Book Number 9788124400344
040 ## - CATALOGING SOURCE
Transcribing agency MAIN
041 ## - LANGUAGE CODE
Language code of sung or spoken text Assamese
082 ## - DEWEY DECIMAL CLASSIFICATION NUMBER
Classification number 891.451
Item number SHA
100 ## - MAIN ENTRY--PERSONAL NAME
Personal name Shastree, Manoranjan,
Relator term Author
245 1# - TITLE STATEMENT
Title Sahitya darshan/
Statement of responsibility, etc. By Manoranjan Shastree
250 ## - EDITION STATEMENT
Edition statement 6th.
260 ## - PUBLICATION, DISTRIBUTION, ETC.
Place of publication, distribution, etc. Guwahati:
Name of publisher, distributor, etc. Chandra prakash,
Date of publication, distribution, etc. 2022.
300 ## - PHYSICAL DESCRIPTION
Extent 306p.
650 ## - SUBJECT ADDED ENTRY--TOPICAL TERM
Topical term or geographic name entry element Assamese literature
942 ## - ADDED ENTRY ELEMENTS (KOHA)
Koha item type Books
Source of classification or shelving scheme Dewey Decimal Classification
653 ## - INDEX TERM--UNCONTROLLED
Uncontrolled term East Indo-European & Celtic literatures
653 ## - INDEX TERM--UNCONTROLLED
Uncontrolled term Assamese literature
Holdings
Withdrawn status Lost status Damaged status Not for loan Home library Current library Shelving location Date acquired Total Checkouts Full call number Barcode Date last seen Date last checked out Copy number Price effective from Koha item type Source of classification or shelving scheme Collection code Cost, normal purchase price
        Central Library, Naharkatiya College Central Library, Naharkatiya College General Stacks 19/09/2020 2 891.451 | SAS 22444 16/08/2025 06/08/2025 1 19/09/2020 Books      
        Central Library, Naharkatiya College Central Library, Naharkatiya College General Stacks 11/09/2025   891.451 SHA 31048 11/09/2025   2 11/09/2025 Books Dewey Decimal Classification Assamese 300.00
        Central Library, Naharkatiya College Central Library, Naharkatiya College General Stacks 11/09/2025 1 891.451 SHA 31049 07/10/2025 16/09/2025 3 11/09/2025 Books Dewey Decimal Classification Assamese 300.00
        Central Library, Naharkatiya College Central Library, Naharkatiya College General Stacks 11/09/2025 1 891.451 SHA 31050 27/09/2025 16/09/2025 4 11/09/2025 Books Dewey Decimal Classification Assamese 300.00

Naharkatiya College © 2020. All rights reserved.

Powered By